| 000 | 00414cam a2200169ua 4500 | ||
|---|---|---|---|
| 020 | _c21.00 | ||
| 041 |
_aeng _h |
||
| 082 |
_a420 _bMAR/FU |
||
| 100 | _aMartinet, Andre . | ||
| 245 |
_aFunctional view of language / _cAndre Martinal. _hTextual Documents |
||
| 260 |
_aOxford : _bClarendon Press , _c1962. |
||
| 300 | _a160 ; . | ||
| 365 | _a21.00 | ||
| 504 | _a | ||
| 942 | _cBK | ||
| 999 |
_c12450 _d12450 |
||